Normal view MARC view
  • Chávez, Ezequiel A.,

Entry Nombre Personal

Number of records used in: 5

001 - NUMERO DE CONTROL

  • campo de control: 28041

003 - IDENTIFICADOR DE NUMERO DE CONTROL

  • campo de control: DLC

005 - FECHA Y HORA DE LA ÜLTIMA TRANSACCIÓN

  • campo de control: 20221104121625.0

008 - DATOS DE LONGITUD FIJA

  • campo de control de longitud fija: 820527n| azannaab |a aaa

010 ## - NÚMERO DE CONTROL DE LA BIBLIOTECA DEL CONGRESO

  • Número de control LC: n 82059152
  • Número de Control LC Cancelado/inválido: nr 98042876

040 ## - FUENTE DE CATALOGACIÓN

  • Agencia original de catalogación: DLC
  • Lenguaje de catalogación: spa
  • Description conventions: rda
  • Agencia de transcripción: DLC
  • Agencia que lo modifica: DLC
  • Agencia que lo modifica: MX-MxUPN

046 ## - FECHAS CON CODIFICACIÓN ESPECIAL

  • Fecha de nacimiento: 1868
  • Fecha de muerte: 19461202

100 1# - ENCABEZAMIENTO - NOMBRE PERSONAL

  • Nombre personal: Chávez, Ezequiel A.,
  • Fechas asociadas con el nombre: 1868-1946

378 ## - FORMA COMPLETA DE NOMBRE PERSONAL

  • Fuller form of personal name: Ezequiel Adeodato Chávez Lavista

400 1# - VEÁSE - NOMBRE DE PERSONA

  • Personal name: Chávez, Ezequiel Adeodato,
  • Dates associated with a name: 1868-1946

400 1# - VEÁSE - NOMBRE DE PERSONA

  • Personal name: Chávez Lavista, Ezequiel Adeodato,
  • Dates associated with a name: 1868-1946

670 ## - FUENTE EN LA QUE SE LOCALIZARON DATOS

  • Cita de la fuente: Pani, A. J. Una encuesta sobre educación, 1918.

670 ## - FUENTE EN LA QUE SE LOCALIZARON DATOS

  • Cita de la fuente: Hernández Luna, J. Ezequiel A. Chávez, impulsor de la educación mexicana, 1981:
  • Información localizada: portada (Ezequiel A. Chávez)

670 ## - FUENTE EN LA QUE SE LOCALIZARON DATOS

  • Cita de la fuente: Historia de una psicología, Ezequiel Adeodato Chávez Lavista, 1997:
  • Información localizada: portada (Ezequiel Adeodato Chávez Lavista) página 141 (nació en Aguascalientes el 19 Sept. 1868) página 144 (murió el 2 de diciembre de 1946)

670 ## - FUENTE EN LA QUE SE LOCALIZARON DATOS

  • Cita de la fuente: LC database, Aug. 13, 2013
  • Información localizada: (hdgs.: Chávez, Ezequiel Adeodato, 1868-1946; Chávez, Ezequiel A., 1868- ; Chávez, Ezequiel Adeodato, 1868- ; usage: Ezequiel A. Chávez, Ezequiel Adeodato Chávez Lavista)

902 ## - CATALOGADOR

  • Catalogador: Víctor Ruiz/041122